[Event "Turniej Blitza na II Lidze Juniorów 2018"]
[Site "Szczyrk, Poland"]
[Date "????.??.??"]
[Round "4.31"]
[White "Straczek, Wiktoria"]
[Black "Trembowiecka-Wysota, Aleksandra"]
[Result "0-1"]
[TimeControl "3'+2\""]
[WhiteElo "1252"]
[BlackElo "1571"]

1. e4 {[%clk 00:03:04]} {[%emt 00:01:24]} c5 {[%clk 00:03:03]} {[%emt
00:00:02]} 2. Nc3 {[%clk 00:03:05]} {[%emt 00:00:01]} e6 {[%clk 00:03:04]}
{[%emt 00:00:01]} 3. f4 {[%clk 00:03:06]} d5 {[%clk 00:03:04]} {[%emt
00:00:01]} 4. Bb5+ {[%clk 00:03:04]} {[%emt 00:00:05]} Bd7 {[%clk 00:03:04]}
{[%emt 00:00:02]} 5. Bxd7+ {[%clk 00:02:51]} {[%emt 00:00:16]} Qxd7 {[%clk
00:03:04]} {[%emt 00:00:01]} 6. exd5 {[%clk 00:02:49]} {[%emt 00:00:04]} exd5
{[%clk 00:03:05]} {[%emt 00:00:01]} 7. d4 {[%clk 00:02:47]} {[%emt 00:00:03]}
c4 {[%clk 00:03:05]} {[%emt 00:00:02]} 8. Nf3 {[%clk 00:02:47]} {[%emt
00:00:03]} Bd6 {[%clk 00:02:59]} {[%emt 00:00:06]} 9. O-O {[%clk 00:02:44]}
{[%emt 00:00:06]} Ne7 {[%clk 00:03:00]} {[%emt 00:00:02]} 10. Qe1 {[%clk
00:02:31]} {[%emt 00:00:15]} O-O {[%clk 00:02:57]} {[%emt 00:00:04]} 11. Qh4
{[%clk 00:02:25]} {[%emt 00:00:09]} Nf5 {[%clk 00:02:52]} {[%emt 00:00:07]} 12.
Qf2 {[%clk 00:02:17]} {[%emt 00:00:10]} Bc7 {[%clk 00:02:40]} {[%emt 00:00:13]}
13. Ne2 {[%clk 00:02:06]} {[%emt 00:00:13]} Nc6 {[%clk 00:02:31]} {[%emt
00:00:12]} 14. Ng3 {[%clk 00:02:01]} {[%emt 00:00:06]} Nxg3 {[%clk 00:02:17]}
{[%emt 00:00:15]} 15. Qxg3 {[%clk 00:02:02]} {[%emt 00:00:02]} Qf5 {[%clk
00:02:15]} {[%emt 00:00:04]} 16. Ne1 {[%clk 00:01:51]} {[%emt 00:00:14]} Nxd4
{[%clk 00:02:11]} {[%emt 00:00:05]} 17. Kh1 {[%clk 00:01:38]} {[%emt 00:00:15]}
Nxc2 {[%clk 00:02:07]} {[%emt 00:00:07]} 18. Nxc2 {[%clk 00:01:35]} {[%emt
00:00:04]} Qxc2 {[%clk 00:02:07]} {[%emt 00:00:02]} 19. Qg4 {[%clk 00:01:33]}
{[%emt 00:00:04]} Qg6 {[%clk 00:02:03]} {[%emt 00:00:06]} 20. Qf3 {[%clk
00:01:33]} {[%emt 00:00:03]} Rad8 {[%clk 00:02:00]} {[%emt 00:00:05]} 21. Be3
{[%clk 00:01:27]} {[%emt 00:00:08]} d4 {[%clk 00:02:00]} {[%emt 00:00:02]} 22.
Bd2 {[%clk 00:01:26]} {[%emt 00:00:03]} Qb6 {[%clk 00:01:53]} {[%emt 00:00:08]}
23. f5 {[%clk 00:01:18]} {[%emt 00:00:11]} Qd6 {[%clk 00:01:47]} {[%emt
00:00:07]} 24. Bf4 {[%clk 00:01:11]} {[%emt 00:00:09]} Qxf4 {[%clk 00:01:47]}
{[%emt 00:00:02]} 25. Qxf4 {[%clk 00:01:12]} {[%emt 00:00:01]} Bxf4 {[%clk
00:01:48]} {[%emt 00:00:02]} 26. Rxf4 {[%clk 00:01:13]} b5 {[%clk 00:01:43]}
{[%emt 00:00:07]} 27. Rd1 {[%clk 00:01:13]} {[%emt 00:00:01]} Rfe8 {[%clk
00:01:43]} {[%emt 00:00:03]} 28. h3 {[%clk 00:01:10]} {[%emt 00:00:04]} d3
{[%clk 00:01:44]} 29. a4 {[%clk 00:00:59]} {[%emt 00:00:13]} a6 {[%clk
00:01:45]} {[%emt 00:00:02]} 30. f6 {[%clk 00:00:46]} {[%emt 00:00:15]} g6
{[%clk 00:01:41]} {[%emt 00:00:05]} 31. Rf2 {[%clk 00:00:43]} {[%emt 00:00:05]}
Rd6 {[%clk 00:01:32]} {[%emt 00:00:12]} 32. Kg1 {[%clk 00:00:37]} {[%emt
00:00:08]} Rde6 {[%clk 00:01:32]} {[%emt 00:00:01]} 33. Rdd2 {[%clk 00:00:32]}
{[%emt 00:00:07]} Re1+ {[%clk 00:01:30]} {[%emt 00:00:03]} 34. Kh2 {[%clk
00:00:33]} {[%emt 00:00:02]} R1e2 {[%clk 00:01:23]} {[%emt 00:00:10]} 35. Kg1
{[%clk 00:00:24]} {[%emt 00:00:11]} Rxd2 {[%clk 00:01:22]} {[%emt 00:00:03]} 36.
Rxd2 {[%clk 00:00:25]} Re6 {[%clk 00:01:18]} {[%emt 00:00:06]} 37. Kf2 {[%clk
00:00:22]} {[%emt 00:00:03]} Rxf6+ {[%clk 00:01:19]} {[%emt 00:00:03]} 38. Ke3
{[%clk 00:00:22]} {[%emt 00:00:01]} Re6+ {[%clk 00:01:19]} {[%emt 00:00:02]} 39.
Kd4 {[%clk 00:00:23]} {[%emt 00:00:01]} Re2 {[%clk 00:01:20]} {[%emt 00:00:01]}
40. Rd1 {[%clk 00:00:22]} {[%emt 00:00:04]} Rxb2 {[%clk 00:01:17]} {[%emt
00:00:05]} 41. Kc3 {[%clk 00:00:22]} {[%emt 00:00:01]} Rc2+ {[%clk 00:01:15]}
{[%emt 00:00:05]} 42. Kb4 {[%clk 00:00:21]} {[%emt 00:00:03]} bxa4 {[%clk
00:01:13]} {[%emt 00:00:04]} 43. Kxa4 {[%emt 00:00:03]} Rb2 {[%clk 00:01:13]}
44. Ka3 {[%clk 00:00:16]} {[%emt 00:00:06]} Rb5 {[%clk 00:01:14]} {[%emt
00:00:01]} 45. Rd2 {[%clk 00:00:12]} {[%emt 00:00:06]} a5 {[%clk 00:01:06]}
{[%emt 00:00:11]} 46. Ka2 {[%clk 00:00:06]} {[%emt 00:00:08]} Rc5 {[%clk
00:01:03]} {[%emt 00:00:04]} 0-1

[Event "Turniej Blitza na II Lidze Juniorów 2018"]
[Site "Szczyrk, Poland"]
[Date "????.??.??"]
[Round "4.32"]
[White "Paprocki, Antoni"]
[Black "Majewski, Krzysztof"]
[Result "1-0"]
[TimeControl "3'+2\""]
[WhiteElo "1570"]
[BlackElo "1323"]

1. e4 {[%clk 00:03:03]} {[%emt 00:20:49]} e6 {[%clk 00:03:04]} 2. d4 {[%clk
00:03:04]} {[%emt 00:00:01]} d5 {[%clk 00:03:05]} 3. Nd2 {[%clk 00:03:05]}
{[%emt 00:00:01]} dxe4 4. Nxe4 {[%clk 00:03:06]} Nd7 {[%clk 00:03:08]} {[%emt
00:00:01]} 5. Nf3 {[%clk 00:03:07]} Ngf6 {[%emt 00:00:01]} 6. Bd3 {[%clk
00:03:08]} Nxe4 {[%clk 00:03:10]} 7. Bxe4 {[%clk 00:03:09]} {[%emt 00:00:01]}
Nf6 {[%clk 00:03:11]} 8. Bd3 {[%clk 00:03:11]} Be7 {[%clk 00:03:13]} {[%emt
00:00:01]} 9. O-O {[%clk 00:03:10]} {[%emt 00:00:03]} O-O {[%clk 00:03:10]}
{[%emt 00:00:05]} 10. Qe2 {[%clk 00:03:11]} b6 {[%clk 00:03:10]} {[%emt
00:00:02]} 11. c4 {[%clk 00:03:10]} {[%emt 00:00:04]} Bb7 {[%clk 00:03:11]}
{[%emt 00:00:01]} 12. Be3 {[%clk 00:03:10]} Ng4 {[%clk 00:03:00]} {[%emt
00:00:13]} 13. Rad1 {[%clk 00:02:54]} {[%emt 00:00:18]} Nxe3 {[%clk 00:03:01]}
{[%emt 00:00:02]} 14. fxe3 {[%clk 00:02:54]} Bf6 {[%clk 00:02:55]} {[%emt
00:00:07]} 15. Qf2 {[%clk 00:02:53]} {[%emt 00:00:05]} Qe7 {[%clk 00:02:53]}
{[%emt 00:00:04]} 16. Qg3 {[%clk 00:02:52]} {[%emt 00:00:03]} Rfe8 {[%clk
00:02:51]} {[%emt 00:00:03]} 17. Kh1 {[%clk 00:02:50]} {[%emt 00:00:05]} e5
{[%clk 00:02:46]} {[%emt 00:00:07]} 18. Bf5 {[%clk 00:02:07]} {[%emt 00:00:44]}
g6 {[%clk 00:02:35]} {[%emt 00:00:14]} 19. Bh3 {[%clk 00:02:08]} e4 {[%clk
00:02:34]} {[%emt 00:00:03]} 20. Nd2 {[%clk 00:02:07]} {[%emt 00:00:02]} Bg7
{[%clk 00:02:30]} {[%emt 00:00:07]} 21. Qf4 {[%clk 00:02:03]} {[%emt 00:00:06]}
f5 {[%clk 00:02:24]} {[%emt 00:00:08]} 22. Nb3 {[%clk 00:01:49]} {[%emt
00:00:15]} Qd6 {[%clk 00:02:24]} {[%emt 00:00:02]} 23. Qxd6 {[%clk 00:01:47]}
{[%emt 00:00:04]} cxd6 {[%clk 00:02:25]} {[%emt 00:00:02]} 24. g3 {[%clk
00:01:43]} {[%emt 00:00:07]} Rac8 {[%clk 00:02:22]} {[%emt 00:00:04]} 25. Rc1
{[%clk 00:01:44]} Ba6 {[%clk 00:02:21]} {[%emt 00:00:02]} 26. Nd2 {[%clk
00:01:44]} {[%emt 00:00:03]} Bh6 {[%emt 00:00:03]} 27. Rfe1 {[%clk 00:01:42]}
{[%emt 00:00:04]} Rc7 {[%clk 00:01:57]} {[%emt 00:00:24]} 28. Rc3 {[%clk
00:01:42]} {[%emt 00:00:02]} Rec8 {[%clk 00:01:57]} {[%emt 00:00:03]} 29. Rec1
{[%clk 00:01:43]} {[%emt 00:00:01]} Kf7 {[%clk 00:01:35]} {[%emt 00:00:24]} 30.
Bf1 {[%clk 00:01:39]} {[%emt 00:00:06]} Ke6 {[%clk 00:01:30]} {[%emt 00:00:06]}
31. b4 {[%clk 00:01:36]} {[%emt 00:00:05]} Bg7 {[%clk 00:01:16]} {[%emt
00:00:16]} 32. Nb3 {[%clk 00:01:33]} {[%emt 00:00:05]} Kd7 {[%clk 00:01:13]}
{[%emt 00:00:05]} 33. a4 {[%clk 00:01:33]} {[%emt 00:00:02]} Bb7 {[%clk
00:01:04]} {[%emt 00:00:12]} 34. R3c2 {[%clk 00:01:30]} {[%emt 00:00:05]} Bc6
{[%clk 00:00:58]} {[%emt 00:00:07]} 35. b5 {[%clk 00:01:26]} {[%emt 00:00:07]}
Bb7 {[%clk 00:01:00]} 36. a5 {[%clk 00:01:03]} {[%emt 00:00:25]} Ra8 {[%clk
00:00:39]} {[%emt 00:00:23]} 37. a6 {[%clk 00:01:00]} {[%emt 00:00:05]} Bc8
{[%clk 00:00:40]} {[%emt 00:00:01]} 38. c5 {[%clk 00:01:01]} {[%emt 00:00:01]}
dxc5 {[%clk 00:00:38]} {[%emt 00:00:04]} 39. dxc5 {[%clk 00:01:02]} {[%emt
00:00:01]} bxc5 {[%clk 00:00:26]} {[%emt 00:00:14]} 40. Nxc5+ {[%clk 00:01:02]}
{[%emt 00:00:01]} Ke7 {[%clk 00:00:25]} {[%emt 00:00:03]} 41. Na4 {[%clk
00:00:48]} {[%emt 00:00:16]} Rxc2 {[%clk 00:00:24]} {[%emt 00:00:03]} 42. Rxc2
{[%clk 00:00:49]} {[%emt 00:00:01]} Bd7 {[%clk 00:00:17]} {[%emt 00:00:09]} 43.
Nc3 {[%clk 00:00:32]} {[%emt 00:00:19]} Rc8 {[%clk 00:00:17]} {[%emt 00:00:02]}
44. Nd5+ {[%clk 00:00:33]} {[%emt 00:00:01]} Kd8 {[%clk 00:00:16]} {[%emt
00:00:03]} 45. Rd2 {[%clk 00:00:29]} {[%emt 00:00:06]} Rc1 {[%clk 00:00:15]}
{[%emt 00:00:03]} 46. Kg2 {[%clk 00:00:30]} Rc5 {[%clk 00:00:11]} {[%emt
00:00:06]} 47. b6 {[%clk 00:00:29]} {[%emt 00:00:04]} axb6 {[%clk 00:00:07]}
{[%emt 00:00:05]} 48. Nxb6 {[%clk 00:00:30]} Rc7 {[%clk 00:00:08]} 49. Rxd7+
{[%clk 00:00:27]} {[%emt 00:00:05]} Rxd7 {[%clk 00:00:09]} {[%emt 00:00:02]} 50.
Nxd7 {[%clk 00:00:28]} {[%emt 00:00:01]} Kc7 {[%clk 00:00:09]} {[%emt
00:00:02]} 51. Nc5 {[%clk 00:00:24]} {[%emt 00:00:06]} Kb6 {[%clk 00:00:08]}
{[%emt 00:00:03]} 52. Ne6 {[%clk 00:00:22]} {[%emt 00:00:03]} Bc3 {[%clk
00:00:08]} {[%emt 00:00:02]} 53. Ng5 {[%clk 00:00:21]} {[%emt 00:00:03]} h6
{[%clk 00:00:10]} 54. Nf7 {[%clk 00:00:20]} {[%emt 00:00:02]} Bg7 {[%clk
00:00:10]} {[%emt 00:00:02]} 55. Nd6 {[%clk 00:00:20]} {[%emt 00:00:03]} Bf6
{[%clk 00:00:08]} {[%emt 00:00:04]} 56. Nc8+ {[%clk 00:00:13]} {[%emt
00:00:09]} Kc7 {[%clk 00:00:05]} {[%emt 00:00:04]} 57. a7 {[%emt 00:00:05]} Kb7
58. Nd6+ {[%clk 00:00:10]} {[%emt 00:00:03]} Kxa7 {[%clk 00:00:06]} {[%emt
00:00:03]} 59. Bc4 {[%clk 00:00:10]} {[%emt 00:00:01]} Kb6 {[%clk 00:00:07]}
{[%emt 00:00:01]} 60. Bf7 {[%clk 00:00:08]} {[%emt 00:00:05]} Kc6 {[%clk
00:00:07]} {[%emt 00:00:02]} 61. Ne8 {[%clk 00:00:06]} {[%emt 00:00:04]} Bg5
{[%clk 00:00:06]} {[%emt 00:00:03]} 62. Bxg6 {[%clk 00:00:06]} {[%emt
00:00:02]} Bxe3 {[%clk 00:00:07]} {[%emt 00:00:01]} 63. Bxf5 {[%clk 00:00:06]}
{[%emt 00:00:02]} Kd7 {[%clk 00:00:08]} 1-0

[Event "Turniej Blitza na II Lidze Juniorów 2018"]
[Site "Szczyrk, Poland"]
[Date "????.??.??"]
[Round "4.37"]
[White "Bienko, Jagoda"]
[Black "Derylo, Kamil"]
[Result "0-1"]
[TimeControl "3'+2\""]
[WhiteElo "1326"]
[BlackElo "1613"]

1. d4 {[%clk 00:03:02]} {[%emt 00:00:02]} Nf6 {[%clk 00:03:04]} {[%emt
00:00:01]} 2. c4 {[%clk 00:03:03]} e6 {[%clk 00:03:05]} 3. Nc3 {[%clk
00:03:04]} d5 {[%clk 00:03:06]} 4. Bg5 {[%clk 00:03:03]} {[%emt 00:00:04]} Nbd7
{[%clk 00:03:07]} {[%emt 00:00:01]} 5. cxd5 {[%clk 00:03:03]} {[%emt 00:00:02]}
exd5 {[%clk 00:03:08]} {[%emt 00:00:02]} 6. e3 {[%clk 00:03:04]} Be7 {[%clk
00:03:09]} {[%emt 00:00:02]} 7. Bd3 {[%clk 00:03:05]} c6 {[%clk 00:03:10]} 8.
Qc2 {[%clk 00:03:05]} {[%emt 00:00:04]} Nh5 {[%clk 00:03:10]} {[%emt 00:00:01]}
9. Bxe7 {[%clk 00:02:59]} {[%emt 00:00:08]} Qxe7 {[%clk 00:03:11]} {[%emt
00:00:02]} 10. Nf3 {[%clk 00:03:00]} Nf4 {[%clk 00:03:10]} {[%emt 00:00:03]} 11.
O-O-O {[%clk 00:02:53]} {[%emt 00:00:10]} Nxd3+ {[%clk 00:03:09]} {[%emt
00:00:02]} 12. Qxd3 {[%clk 00:02:53]} {[%emt 00:00:02]} Nb6 {[%clk 00:02:53]}
{[%emt 00:00:18]} 13. Nd2 {[%clk 00:02:33]} {[%emt 00:00:22]} Bd7 {[%clk
00:02:44]} {[%emt 00:00:11]} 14. Nb3 {[%clk 00:02:30]} {[%emt 00:00:05]} O-O-O
{[%clk 00:02:34]} {[%emt 00:00:12]} 15. f3 {[%clk 00:02:28]} {[%emt 00:00:04]}
Kb8 {[%clk 00:02:20]} {[%emt 00:00:17]} 16. Rhe1 {[%clk 00:02:17]} {[%emt
00:00:12]} Qh4 {[%clk 00:01:54]} {[%emt 00:00:28]} 17. h3 {[%clk 00:02:03]}
{[%emt 00:00:17]} Qg5 {[%clk 00:01:46]} {[%emt 00:00:09]} 18. Re2 {[%clk
00:01:55]} {[%emt 00:00:10]} Bf5 {[%clk 00:01:32]} {[%emt 00:00:15]} 19. Qd2
{[%clk 00:01:48]} {[%emt 00:00:09]} Nc4 {[%clk 00:01:33]} {[%emt 00:00:01]} 20.
Qe1 {[%clk 00:01:45]} {[%emt 00:00:05]} Rhe8 {[%clk 00:01:26]} {[%emt
00:00:09]} 21. f4 {[%clk 00:01:39]} {[%emt 00:00:09]} Qe7 {[%clk 00:00:55]}
{[%emt 00:00:34]} 22. g4 {[%clk 00:01:30]} {[%emt 00:00:10]} Be4 {[%clk
00:00:56]} 23. Qf2 {[%clk 00:01:18]} {[%emt 00:00:14]} Rc8 {[%clk 00:00:45]}
{[%emt 00:00:14]} 24. Nc5 {[%clk 00:00:59]} {[%emt 00:00:21]} b6 {[%emt
00:00:06]} 25. N5xe4 {[%clk 00:01:00]} dxe4 {[%clk 00:00:42]} 26. f5 {[%clk
00:00:52]} {[%emt 00:00:09]} Qd6 {[%clk 00:00:38]} {[%emt 00:00:05]} 27. Qg2
{[%clk 00:00:44]} {[%emt 00:00:11]} Qe7 {[%clk 00:00:30]} {[%emt 00:00:11]} 28.
Qg3+ {[%clk 00:00:39]} {[%emt 00:00:07]} Qd6 {[%clk 00:00:31]} 29. Qxd6+ {[%clk
00:00:29]} {[%emt 00:00:12]} Nxd6 {[%clk 00:00:32]} 30. b3 {[%clk 00:00:30]}
{[%emt 00:00:02]} Kb7 {[%clk 00:00:27]} {[%emt 00:00:07]} 31. Kb2 {[%clk
00:00:29]} {[%emt 00:00:02]} Red8 {[%clk 00:00:23]} {[%emt 00:00:05]} 32. d5
{[%clk 00:00:25]} {[%emt 00:00:07]} c5 {[%clk 00:00:22]} {[%emt 00:00:03]} 33.
Red2 {[%clk 00:00:23]} {[%emt 00:00:03]} c4 {[%clk 00:00:23]} {[%emt 00:00:02]}
34. b4 {[%clk 00:00:22]} {[%emt 00:00:04]} b5 {[%clk 00:00:19]} {[%emt
00:00:05]} 35. a3 {[%clk 00:00:14]} {[%emt 00:00:10]} Kb6 {[%clk 00:00:19]} 36.
Rd4 {[%clk 00:00:11]} {[%emt 00:00:06]} Re8 {[%clk 00:00:21]} {[%emt 00:00:01]}
37. R4d2 {[%clk 00:00:11]} {[%emt 00:00:01]} a5 {[%clk 00:00:20]} {[%emt
00:00:03]} 38. Rd4 {[%clk 00:00:08]} {[%emt 00:00:05]} axb4 {[%clk 00:00:20]}
{[%emt 00:00:02]} 39. axb4 {[%clk 00:00:09]} Ra8 {[%clk 00:00:21]} {[%emt
00:00:01]} 40. Ra1 {[%clk 00:00:08]} {[%emt 00:00:04]} Rxa1 {[%clk 00:00:22]}
41. Kxa1 {[%clk 00:00:09]} {[%emt 00:00:01]} g6 {[%clk 00:00:07]} {[%emt
00:00:16]} 42. Kb2 {[%clk 00:00:06]} {[%emt 00:00:05]} gxf5 {[%clk 00:00:07]}
43. gxf5 {[%clk 00:00:08]} Nxf5 {[%clk 00:00:07]} {[%emt 00:00:03]} 44. Rxe4
{[%clk 00:00:09]} Rxe4 45. Nxe4 {[%clk 00:00:10]} Nxe3 {[%clk 00:00:07]} {[%emt
00:00:02]} 46. d6 {[%clk 00:00:09]} {[%emt 00:00:03]} Kc6 {[%clk 00:00:05]}
{[%emt 00:00:03]} 47. Ng5 {[%clk 00:00:10]} {[%emt 00:00:02]} Kxd6 {[%clk
00:00:04]} {[%emt 00:00:03]} 48. Nxf7+ {[%clk 00:00:11]} {[%emt 00:00:01]} Ke6
{[%clk 00:00:05]} 49. Ng5+ {[%clk 00:00:11]} {[%emt 00:00:01]} Ke5 {[%clk
00:00:06]} {[%emt 00:00:53]} 50. Nxh7 {[%clk 00:01:03]} {[%emt 00:00:09]} Kd4
{[%clk 00:00:07]} {[%emt 00:00:01]} 51. Ng5 {[%clk 00:01:02]} {[%emt 00:00:03]}
c3+ {[%clk 00:00:07]} {[%emt 00:00:01]} 52. Kc1 {[%clk 00:00:55]} {[%emt
00:00:09]} Kc4 {[%clk 00:00:07]} {[%emt 00:00:02]} 53. h4 {[%clk 00:00:44]}
{[%emt 00:00:13]} Kxb4 {[%clk 00:00:07]} {[%emt 00:00:02]} 54. h5 {[%clk
00:00:40]} {[%emt 00:00:06]} Ng4 {[%clk 00:00:08]} 55. Nf3 {[%clk 00:00:31]}
{[%emt 00:00:11]} Ka3 {[%clk 00:00:05]} {[%emt 00:00:05]} 56. Nd4 {[%clk
00:00:30]} {[%emt 00:00:03]} b4 {[%clk 00:00:05]} {[%emt 00:00:03]} 57. Nc2+
{[%clk 00:00:23]} {[%emt 00:00:08]} Ka4 {[%clk 00:00:06]} {[%emt 00:00:02]} 58.
Nd4 {[%clk 00:00:17]} {[%emt 00:00:07]} b3 {[%clk 00:00:06]} {[%emt 00:00:02]}
59. Kb1 {[%clk 00:00:15]} {[%emt 00:00:05]} b2 {[%clk 00:00:04]} {[%emt
00:00:04]} 60. Nc2 {[%clk 00:00:11]} {[%emt 00:00:06]} Kb3 {[%clk 00:00:04]}
{[%emt 00:00:02]} 61. Ne3 {[%clk 00:00:11]} {[%emt 00:00:01]} Nxe3 {[%clk
00:00:03]} {[%emt 00:00:04]} 62. h6 {[%clk 00:00:11]} {[%emt 00:00:02]} c2#
{[%clk 00:00:04]} 63. Kxc2+ {[%emt 00:00:08]} 0-1

[Event "Turniej Blitza na II Lidze Juniorów 2018"]
[Site "Szczyrk, Poland"]
[Date "????.??.??"]
[Round "4.38"]
[White "Krzywnicka, Maria"]
[Black "Mirowska, Oliwia"]
[Result "1-0"]
[TimeControl "3'+2\""]
[WhiteElo "1573"]
[BlackElo "1297"]

1. e4 {[%clk 00:03:02]} {[%emt 00:00:46]} c5 {[%clk 00:03:02]} {[%emt
00:00:02]} 2. d3 {[%clk 00:03:02]} d5 {[%clk 00:03:02]} {[%emt 00:00:02]} 3.
Nd2 {[%clk 00:03:02]} {[%emt 00:00:02]} dxe4 {[%clk 00:03:02]} {[%emt
00:00:02]} 4. dxe4 {[%clk 00:03:02]} e6 {[%clk 00:03:02]} {[%emt 00:00:01]} 5.
Ngf3 {[%clk 00:03:02]} {[%emt 00:00:03]} Nc6 {[%clk 00:03:02]} 6. g3 {[%clk
00:03:02]} {[%emt 00:00:06]} Qc7 {[%clk 00:03:02]} 7. Bg2 {[%clk 00:03:02]}
{[%emt 00:00:02]} Nge7 {[%clk 00:03:02]} 8. c3 {[%clk 00:03:02]} {[%emt
00:00:01]} g6 {[%clk 00:03:02]} {[%emt 00:00:01]} 9. O-O {[%clk 00:03:02]}
{[%emt 00:00:02]} Bg7 {[%clk 00:03:02]} {[%emt 00:00:01]} 10. Re1 {[%clk
00:03:02]} {[%emt 00:00:02]} O-O {[%clk 00:03:02]} {[%emt 00:00:02]} 11. Qe2
{[%clk 00:03:02]} {[%emt 00:00:03]} f5 {[%clk 00:03:02]} {[%emt 00:00:06]} 12.
exf5 {[%clk 00:03:02]} {[%emt 00:00:22]} exf5 {[%clk 00:03:02]} {[%emt
00:00:02]} 13. Nc4 {[%clk 00:02:51]} {[%emt 00:00:22]} a6 {[%clk 00:02:54]}
{[%emt 00:00:10]} 14. Bf4 {[%clk 00:02:46]} {[%emt 00:00:06]} Qd8 {[%clk
00:02:54]} {[%emt 00:00:03]} 15. Nfe5 {[%clk 00:02:33]} {[%emt 00:00:15]} Nxe5
{[%clk 00:02:53]} {[%emt 00:00:03]} 16. Bxe5 {[%clk 00:02:29]} {[%emt
00:00:07]} Bxe5 {[%clk 00:02:17]} {[%emt 00:00:38]} 17. Qxe5 {[%clk 00:02:08]}
{[%emt 00:00:22]} Nc6 {[%clk 00:02:09]} {[%emt 00:00:10]} 18. Qxc5 {[%clk
00:01:59]} {[%emt 00:00:10]} Bd7 {[%clk 00:01:48]} {[%emt 00:00:24]} 19. Rad1
{[%clk 00:01:53]} {[%emt 00:00:08]} Qc7 {[%clk 00:01:37]} {[%emt 00:00:13]} 20.
Qd5+ {[%clk 00:01:53]} {[%emt 00:00:01]} Kh8 {[%clk 00:01:34]} {[%emt
00:00:06]} 21. Qxd7 {[%clk 00:01:54]} Qxd7 {[%clk 00:01:33]} {[%emt 00:00:03]}
22. Rxd7 {[%clk 00:01:55]} Rac8 {[%clk 00:01:30]} {[%emt 00:00:05]} 23. Nd6
{[%clk 00:01:46]} {[%emt 00:00:11]} Ra8 {[%clk 00:01:27]} {[%emt 00:00:05]} 24.
Rxb7 {[%clk 00:01:34]} {[%emt 00:00:14]} Na5 {[%clk 00:01:23]} {[%emt
00:00:06]} 25. Rc7 {[%clk 00:01:26]} {[%emt 00:00:10]} Rab8 {[%clk 00:01:22]}
{[%emt 00:00:03]} 26. b3 {[%clk 00:01:27]} {[%emt 00:00:01]} Rb6 {[%clk
00:01:10]} {[%emt 00:00:15]} 27. Nf7+ {[%clk 00:01:12]} {[%emt 00:00:17]} Kg8
{[%clk 00:01:06]} {[%emt 00:00:05]} 28. Bd5 {[%clk 00:01:10]} {[%emt 00:00:04]}
Kg7 {[%clk 00:01:05]} {[%emt 00:00:03]} 29. Nd6+ {[%clk 00:00:51]} {[%emt
00:00:21]} Kh6 {[%clk 00:01:01]} {[%emt 00:00:06]} 30. Nc4 {[%clk 00:00:50]}
{[%emt 00:00:03]} Nxc4 {[%clk 00:01:01]} {[%emt 00:00:02]} 31. Bxc4 {[%clk
00:00:51]} {[%emt 00:00:01]} a5 {[%clk 00:01:01]} {[%emt 00:00:02]} 32. Ree7
{[%clk 00:00:51]} {[%emt 00:00:01]} Rh8 {[%clk 00:01:01]} {[%emt 00:00:03]} 33.
Ra7 {[%clk 00:00:49]} {[%emt 00:00:04]} Rd6 {[%clk 00:01:02]} 34. Rxa5 {[%clk
00:00:46]} {[%emt 00:00:06]} Rd1+ {[%clk 00:01:01]} {[%emt 00:00:02]} 35. Kg2
{[%clk 00:00:46]} Rc1 {[%clk 00:00:59]} {[%emt 00:00:03]} 36. Raa7 {[%clk
00:00:45]} {[%emt 00:00:04]} Rc2 {[%clk 00:00:59]} {[%emt 00:00:02]} 37. a4
{[%emt 00:00:01]} Rxc3 {[%emt 00:00:02]} 38. a5 {[%clk 00:00:46]} Rc2 {[%clk
00:01:01]} {[%emt 00:00:03]} 39. a6 {[%clk 00:00:47]} {[%emt 00:00:02]} Ra2
{[%clk 00:01:01]} 40. Rad7 {[%clk 00:00:47]} {[%emt 00:00:02]} Kg5 {[%clk
00:00:58]} {[%emt 00:00:05]} 41. a7 {[%clk 00:00:44]} {[%emt 00:00:05]} Ra8
{[%clk 00:00:55]} {[%emt 00:00:04]} 42. Rxh7 {[%clk 00:00:45]} {[%emt
00:00:02]} Kf6 {[%clk 00:00:54]} {[%emt 00:00:04]} 43. Bd5 {[%clk 00:00:43]}
{[%emt 00:00:03]} Re8 {[%clk 00:00:53]} {[%emt 00:00:03]} 44. a8=Q {[%clk
00:00:41]} {[%emt 00:00:04]} Raxa8 {[%clk 00:00:53]} {[%emt 00:00:02]} 45. Bxa8
{[%clk 00:00:41]} {[%emt 00:00:02]} Rxa8 {[%clk 00:00:55]} 46. h4 {[%clk
00:00:40]} {[%emt 00:00:04]} Rb8 {[%clk 00:00:55]} {[%emt 00:00:01]} 47. Rb7
{[%clk 00:00:40]} {[%emt 00:00:02]} Rc8 {[%clk 00:00:56]} {[%emt 00:00:01]} 48.
Rbe7 {[%clk 00:00:38]} {[%emt 00:00:03]} Rf8 {[%clk 00:00:54]} {[%emt
00:00:04]} 49. b4 {[%clk 00:00:37]} {[%emt 00:00:04]} g5 {[%clk 00:00:56]}
{[%emt 00:00:01]} 50. hxg5+ {[%clk 00:00:38]} Kxg5 {[%clk 00:00:57]} {[%emt
00:00:01]} 51. f4+ {[%clk 00:00:38]} {[%emt 00:00:02]} Kf6 {[%clk 00:00:57]}
{[%emt 00:00:02]} 52. Rb7 {[%clk 00:00:36]} {[%emt 00:00:03]} Rc8 {[%clk
00:00:57]} {[%emt 00:00:03]} 53. Rhc7 {[%clk 00:00:36]} {[%emt 00:00:02]} Re8
{[%clk 00:00:57]} {[%emt 00:00:01]} 54. Rc6+ {[%clk 00:00:37]} {[%emt
00:00:01]} Re6 {[%clk 00:00:57]} {[%emt 00:00:03]} 55. Rxe6+ {[%clk 00:00:37]}
{[%emt 00:00:01]} Kxe6 {[%clk 00:00:58]} 56. Rb5 {[%clk 00:00:38]} {[%emt
00:00:01]} Kd6 {[%clk 00:00:59]} {[%emt 00:00:02]} 57. Kf2 {[%clk 00:00:38]}
{[%emt 00:00:01]} Kc6 {[%clk 00:01:00]} 58. Re5 {[%clk 00:00:40]} Kb6 {[%clk
00:01:00]} {[%emt 00:00:02]} 59. Rxf5 {[%clk 00:00:41]} {[%emt 00:00:01]} Kc6
{[%clk 00:01:01]} 60. Ke3 {[%clk 00:00:41]} {[%emt 00:00:01]} Kb6 {[%clk
00:01:02]} {[%emt 00:00:01]} 61. Kd4 {[%clk 00:00:42]} {[%emt 00:00:02]} Kc6
{[%clk 00:01:03]} 62. Kc4 {[%clk 00:00:43]} {[%emt 00:00:02]} Kb6 {[%emt
00:00:01]} 63. Rf6+ Kc7 {[%clk 00:01:05]} 64. Kd5 {[%clk 00:00:46]} {[%emt
00:00:02]} Kd7 {[%clk 00:01:06]} {[%emt 00:00:01]} 65. Rf7+ {[%clk 00:00:47]}
Ke8 {[%clk 00:01:07]} 66. Rh7 {[%clk 00:00:49]} Kf8 {[%emt 00:00:01]} 67. Ke6
Kg8 {[%clk 00:01:09]} {[%emt 00:00:01]} 68. Ra7 {[%clk 00:00:51]} {[%emt
00:00:01]} Kf8 {[%clk 00:01:10]} 69. Rb7 {[%clk 00:00:52]} Kg8 {[%clk
00:01:11]} {[%emt 00:00:02]} 70. Kf6 {[%clk 00:00:53]} Kh8 {[%clk 00:01:12]}
1-0